Vikings Cast Match Quiz Stats

Quiz not verified by Sporcle

Also try: TV Debuts: 2013
Challenge
Share
Tweet
Embed
Score 0/30 Timer 08:00
0 Plays Today
% Correct
King Ragnar
92.1%
Lagertha
92.1%
Bjorn
87.3%
Rollo
85.7%
Floki
84.1%
Queen Aslaug
84.1%
Siggy
73%
Athelstan
71.4%
Helga
60.3%
Torvi
58.7%
King Ecbert
57.1%
Prince Aethelwulf
52.4%
Princess Gisla
52.4%
Jarl Haraldson
52.4%
The Seer
49.2%
% Correct
Princess Judith
47.6%
Þórunn
46%
King Horik
46%
Queen Kwenthrith
46%
Emperor Charles
44.4%
Yidu
41.3%
Halfdan
41.3%
Harbard
39.7%
King Aelle
39.7%
Kalf
38.1%
Jarl Borg
38.1%
King Harald
36.5%
Erlendur
34.9%
Torstein
30.2%
Count Odo
27%

You're not logged in!

Compare scores with friends on all Sporcle quizzes.
Sign Up with Email
OR
Log In

You Might Also Like...

Show Comments

Extras

Top Quizzes Today


Score Distribution

Your Account Isn't Verified!

In order to create a playlist on Sporcle, you need to verify the email address you used during registration. Go to your Sporcle Settings to finish the process.